Statistics for Elemental Words

Click here to take the quiz!

General Stats

  • This quiz has been taken 17,471 times
  • The average score is 10 of 15

Answer Stats

Hint Answer % Correct
Helium + AluminumHeal
98%
Scandium + Argon + FluorineScarf
91%
Gold + RadiumAura
87%
Francium + SilverFrag
81%
Copper + Bismuth + CarbonCubic
73%
Sulfur + Aluminum + Uranium + TelluriumSalute
73%
Barium + Carbon + Krypton + Uranium + BoronBackrub
68%
Tantalum + Xenon + SulfurTaxes
68%
Vanadium + Iodine + Oxygen + Lithium + NitrogenViolin
68%
Tin + Oxygen + BoronSnob
66%
Sodium + Phosphorus + Potassium + Iodine + NitrogenNapkin
66%
Carbon + Uranium + Lead + Oxygen + Argon + DarmstadtiumCupboards
58%
Calcium + Neodymium + YttriumCandy
56%
Tungsten + Astatine + ErbiumWater
47%
Barium + Roentgenium + EinsteiniumBarges
27%

Score Distribution

Percentile by Number Answered

Percent of People with Each Score

Your Score History

You have not taken this quiz